000 00350cam a22001337a 4500
008 180718b2002 xxu||||| |||| 00| 0 eng d
020 _a0195652894
082 _aC41 B331
100 _aBaxi, Upendra
245 _aFuture of human rights
_cby Upendra Baxi
260 _aNew Delhi
_bOxford Univ. Press
_c2002
300 _a184p.
650 _aHuman rights
999 _c399304
_d399304